| 000 | 00746nac a22001931u 4500 | ||
|---|---|---|---|
| 010 | _a 2001025723 | ||
| 020 | _a0632055642 (pbk.) | ||
| 082 | 0 | 0 |
_a690/.0685 _bM4599 |
| 090 |
_c1881 _d1881 |
||
| 100 | _aMcCabe, Steven. | ||
| 245 | 1 | 0 |
_aBenchmarking in construction / _cSteven McCabe. |
| 260 |
_aMalden, MA : _bBlackwell Science, _c2001. |
||
| 300 |
_axiv, 290 p. : _bill. ; _c25 cm. |
||
| 504 | _aIncludes bibliographical references (p. 272-276) and index. | ||
| 650 | 0 |
_aBuilding _xQuality control. |
|
| 650 | 0 | _aBenchmarking (Management) | |
| 942 |
_cBB _k690/.0685 |
||
| 999 |
_c1881 _d1881 |
||